000 00275nam a22001217a 4500
008 170911b xxu||||| |||| 00| 0 eng d
041 _aeng
080 _24TH
_a52
100 _a42
101 _aAST
245 _aTHE ESSENTIAL COSMIC PERSPECTIVE
_cBENNETT,J
942 _2udc
_cBK
999 _c27029
_d27029